عرض عادي
عرض مارك
- علم النفس الاجتماعي
مدخل مصطلح موضوعي
001 - رقم الضبط
- حقل الضبط: 83492
003 - معرف رقم الضبط
- حقل الضبط: OSt
005 - تاريخ ووقت أخر عملية
- حقل الضبط: 20200123115805.0
008 - عناصر بيانات ثابتة الطول
- حقل تحكم ثابت الطول: 200123|| aca||aabn | a|a d
040 ## - مصدر الفهرسة
- هيئة الفهرسة الأصلية: OSt
- وكالة الكتابة: OSt
150 ## - مدخل-- مصطلح تاريخي
- عنصر مدخل المصطلح الموضوعي او الاسم الجغرافي: علم النفس الاجتماعي
670 ## - بيانات المصدر موجوده
- الاستشهاد بالمصدر: Work cat.: (OSt)78491: دو بوتون، آلان، 1969- مؤلف. 83490, قلق السعي إلى المكانة :
